Ricerche in tema di editto provinciale
שמור ב:
| מחבר ראשי: | |
|---|---|
| פורמט: | ספר |
| שפה: | איטלקית |
| יצא לאור: |
Milán
Dott. A. Giuffrè
1969
|
| סדרה: | Universita de Génova, 7
|
| נושאים: | |
| תגים: |
הוספת תג
אין תגיות, היה/י הראשונ/ה לתייג את הרשומה!
|
MARC
| LEADER | 00000nam a2200000 a 4500 | ||
|---|---|---|---|
| 001 | UCR0305 | ||
| 003 | CL-VaPUC | ||
| 008 | 971129e19690000IT |||||||||||||||||ita|d | ||
| 082 | 0 | 4 | |a 340.54 |b MAR |2 21 |
| 100 | |a Martini, Remo |e autor |9 402544 | ||
| 245 | 1 | 0 | |a Ricerche in tema di editto provinciale |
| 300 | |a 157 p | ||
| 942 | |c BK | ||
| 945 | |d 19971129 00:00:00 |a aolguin | ||
| 260 | |a Milán |b Dott. A. Giuffrè |c 1969 | ||
| 650 | 0 | |a Derecho romano |9 255930 | |
| 650 | 7 | |a FUENTES |2 CL-VaPUC |9 255666 | |
| 650 | 0 | |a Ordenamiento jurídico |9 355371 | |
| 583 | |a last modification |c 19971129 00:00:00 |k Rodrigo Vera | ||
| 490 | 0 | |a Universita de Génova, 7 | |
| 999 | |c 263849 |d 263847 | ||
| 952 | |0 0 |1 0 |4 0 |6 340_540000000000000_MAR_1969 |7 0 |8 DER_ROM |9 293333 |a BIBDER |b BIBDER |d 2019-11-19 |i 1898418 |o 340.54 MAR 1969 |p 1898418 |r 2023-01-25 |w 2019-11-19 |x Ubicación 4to piso |y BK |z Este recurso debe solicitarse con anticipación |k DER | ||